Sociální práce časopis pro teorii, praxi a vzdělávání v sociální praci

Guardado en:
Detalles Bibliográficos
Formato: Seriadas
Lenguaje:checo
Publicado: Brno Asociace vzdělavatelů v sociální práci 2007
Materias:
Etiquetas: Agregar Etiqueta
Sin Etiquetas, Sea el primero en etiquetar este registro!

MARC

LEADER 00000nas2a2200000 4500
001 0129862
005 20110525125219.8
022 |a 1213-6204 
041 0 |a cze 
044 |a CZ 
245 1 0 |a Sociální práce  |b časopis pro teorii, praxi a vzdělávání v sociální praci 
264 1 |a Brno  |b Asociace vzdělavatelů v sociální práci  |c 2007 
773 0 |w eu_un_cat*0034221 
610 2 0 |a práca sociálna 
610 2 0 |a politika sociálna 
610 2 0 |a vzdelávanie 
610 2 0 |a starostlivosť o pracovníkov 
610 2 0 |a starostlivosť o rodinu 
610 2 0 |a riadenie ľudských zdrojov